A bölcsődéskorú kisgyermekek hagyományos játéktevékenysége és okoseszköz-használata, és összefüggése a gyerekek szülők által észlelt viselkedésével

Elmentve itt :
Bibliográfiai részletek
Szerző: Pappné Zomi Tímea
További közreműködők: Kőrössy Judit (Témavezető)
Dokumentumtípus: Szakdolgozat
Megjelent: 2021
Tárgyszavak:
Online Access:http://diploma.bibl.u-szeged.hu/125872
LEADER 01044nta a2200205 i 4500
001 dipl125872
005 20220610105119.0
008 220609s2021 hu om 0|| zxx d
040 |a SZTE Diploma Repozitórium  |b hun 
041 |a zxx 
100 2 |a Pappné Zomi Tímea 
245 1 2 |a A bölcsődéskorú kisgyermekek hagyományos játéktevékenysége és okoseszköz-használata, és összefüggése a gyerekek szülők által észlelt viselkedésével  |h [elektronikus dokumentum] /  |c Tímea Pappné Zomi 
246 1 0 |a The relationship of conventional play activities and watching digital tales and the behaviour of very young children  |h [elektronikus dokumentum] 
260 |c 2021 
650 4 |a Bölcsészettudományok 
650 4 |a Social sciences 
650 4 |a Psychology 
650 4 |a Psychology, special (including therapy for learning, speech, hearing, visual and other physical and mental disabilities) 
700 1 |a Kőrössy Judit  |e ths 
856 4 0 |u http://diploma.bibl.u-szeged.hu/id/eprint/125872/2/2021_pappne_zomi_timea.pdf  |z Dokumentum-elérés